Torschützenkönige in der Geschichte des FC Porto - Statistiken

Allgemein
  • Dieses Quiz wurde 21 mal gespielt
  • Das Durchschnittsergebnis liegt bei 5 aus 10
Antwortstatistiken
Tore Nationalität Spieler % Korrekt
86 Iran Mehdi Taremi
89%
72 Kolumbien Radamel Falcao
83%
58 Kamerun Vincent Aboubakar
78%
92 Kolumbien Jackson Martínez
72%
72 Mali / Frankreich Moussa Marega
61%
77 Brasilien Hulk
50%
136 Brasilien Jardel
22%
63 Argentinien Lisandro López
22%
65 Brasilien Tiquinho Soares
17%
60 Argentinien Lucho González
11%
Keine übereinstimmenden Quizze gefunden
Verteilung der Resultate
Anzahl Personen mit jedem Resultat
Perzentil nach korrekt beantworteten Fragen
Ihre Resultats-Entwicklung
Sie haben dieses Quiz noch nicht gespielt